000 01831cam a22004694a 4500
001 14850220
003 OSt
005 20140310182434.0
008 070511s2008 maua b 001 0 eng
010 _a 2007019839
015 _aGBA716629
_2bnb
016 7 _a101306981
_2DNLM
016 7 _a013683788
_2Uk
020 _a9781405147156 (pbk. : alk. paper)
020 _a1405147156 (pbk. : alk. paper)
035 _a(OCoLC)ocn129954269
040 _aDNLM/DLC
_cDLC
_dNLM
_dBAKER
_dBTCTA
_dBWKUK
_dYDXCP
_dMUQ
_dVP@
_dUKM
_dNOR
_dDLC
042 _apcc
050 0 0 _aQR 360
_b.W26 2008
100 _aWagner, Edward K.
_98042
245 0 0 _aBasic virology /
_cEdward K. Wagner ... [et al.].
250 _a3rd ed.
260 _aMalden, MA ;
_aOxford :
_bBlackwell Pub.,
_c2008.
300 _axxx, 550 p. :
_bcol. ill. ;
_c28 cm.
650 0 _aViruses.
_98043
650 0 _aVirus diseases.
_98044
650 0 _aVirology.
_98045
650 0 _aMedical virology.
_98046
650 1 2 _aVirus Diseases
_xvirology.
_98047
650 2 2 _aGenome, Viral.
_98048
650 2 2 _aVirus Replication.
_98049
650 2 2 _aViruses
_xpathogenicity.
_98050
700 1 _aWagner, Edward K.
_98051
700 1 _aWagner, Edward K.
_tBasic virology.
_98052
856 4 1 _3Table of contents only
_uhttp://www.loc.gov/catdir/toc/ecip0717/2007019839.html
856 4 2 _3Contributor biographical information
_uhttp://www.loc.gov/catdir/enhancements/fy0802/2007019839-b.html
856 4 2 _3Publisher description
_uhttp://www.loc.gov/catdir/enhancements/fy0802/2007019839-d.html
906 _a7
_bcbc
_corignew
_d1
_eecip
_f20
_gy-gencatlg
942 _2lcc
_cSSLC
999 _c13411
_d13411